000 00335nam a2200145Ia 4500
005 20251222144817.0
008 251222s9999||||xx |||||||||||||| ||spa||
020 _a84-481-2457-X
082 _a401.9/B45
100 _aBerko Gleason, Jean
245 0 _aPsicolingüistica
250 _a2a. ed.
264 _bMcGraw-Hill
942 _cLIB
999 _c20335
_d20335